000 01288nam a2200265Ia 4500
999 _c47159
_d47159
001 14017
003 GE_BSU
005 20241022105817.0
008 181216s1989||||ge |||||||||||||| ||geo||
040 _cGE_BSU
041 _ageo
080 _a821.353.1-31 დ-90
100 _aდუმბაძე, ნოდარ
_91321
245 _a თხზულებანი : 4 წიგნად. წ. 2, ნუ გეშინია დედა! თეთრი ბაირაღები. მარადისობის კანონი /
_cნ. დუმბაძე ; [რედ. : მილიცა ჯაფარიძე ; გ. გვერდწითელი].
264 _aთბილისი :
_bმერანი,
_c1989.
300 _a718 გვ. ;
_c21 სმ.
541 _h10ლ.
653 _aთხზულებანი ოთხ წიგნად
653 _aწ. 2 ნუ გეშინია დედა!
653 _a თეთრი ბაირაღები
653 _aმარადისობის კანონი
700 _aჯაფარიძე, მილიცა
_eრედაქტორი
_923475
700 _aგვერდწითელი, გ.
_eრედაქტორი
_923476
942 _cBK
_2udc